| 000 | 00930nas a2200277 4500 | ||
|---|---|---|---|
| 001 | BR9805233 | ||
| 003 | BR-BrBNA | ||
| 005 | 20231205101144.0 | ||
| 007 | ta | ||
| 008 | 230509b bl.|||p| |||| 00| 00por d | ||
| 040 |
_aBR-BrBNA _bpor _cBiblioteca Nacional de Agricultura |
||
| 041 | _a(Pt) | ||
| 072 | _aL51 | ||
| 100 | 1 | _aRodriguez, N.M. | |
| 100 | 1 | _aBorges, A.L.C.C. | |
| 100 | 1 | _aFilgueiras, E.P. | |
| 100 | 1 | _aEscuder, J. | |
| 100 | 1 | _aGoncalves, L.C. | |
| 245 | 1 | _aEfeito do periodo de vedacao sobre a producao e qualidade da Brachiaria decumbens stapf; 2: digestibilidade e constituintes da parede celular | |
| 650 | _aCapim Brachiaria | ||
| 650 | _aDigestibilidade | ||
| 650 | _aValor Nutritivo | ||
| 773 | 0 |
_tArquivo Brasileiro de Medicina Veterinaria e Zootecnia (Brazil) _xISSN 0102-0935 _g(Oct 1997), v. 49(5) p. 603-616 _wBR9805233 |
|
| 909 |
_a202311 _bLúcia _c55 _dLúcia Elande |
||
| 942 |
_2AGRIS _n0 _cANA |
||
| 999 |
_c160094 _d160094 |
||